Statistics for Noble Answers Quiz

Click here to take the quiz!

General Stats

  • This quiz has been taken 22,708 times
    (13,902 since last reset)
  • The average score is 12 of 22

Answer Stats

ClueAnswer% Correct
He had a dreamMartin Luther King
95%
He vants to suck your bloodCount Dracula
91%
Han Solo's girlfriendPrincess Leia
86%
Giant gorillaKing Kong
84%
Leader of CamelotKing Arthur
82%
Michael Jackson's nicknameKing of Pop
80%
Harry Potter's enemyLord Voldemort
78%
Will SmithFresh Prince
69%
Type of teaEarl Grey
66%
Where blizzards are soldDairy Queen
61%
Nickname of WWI ace
Manfred von Richthofen
Red Baron
61%
Mario's damsel in distressPrincess Peach
58%
Former rapper, current actressQueen Latifah
57%
Canada's smallest provincePrince Edward Island
50%
Famous blues guitaristB.B. King
43%
Halloween seasonal breakfast cerealCount Chocula
38%
He looked out on the feast of StephenKing Wenceslas
33%
Big band leaderDuke Ellington
27%
Title given to the
English monarch's second son
Duke of York
17%
Big band leaderCount Basie
16%
Hawaii was once named after himEarl of Sandwich
14%
"Don Juan" poetLord Byron
14%

Score Distribution

Percentile by Number Answered

Percent of People with Each Score

Your Score History

You have not taken this quiz since the last reset